Bad press : the worst critical reviews ever (Record no. 27514)

MARC details
000 -LEADER
fixed length control field 00449nam a2200181Ia 4500
020 ## - INTERNATIONAL STANDARD BOOK NUMBER
ISBN 0764155393
050 ## - CALL MARK
Classification number PN 6084 .A8 .W37/
100 ## - STATEMENT OF RESPONSIBILITY--MAIN AUTHOR NAME
Personal name Ward, Laura
245 #0 - TITLE STATEMENT
Title Bad press : the worst critical reviews ever
260 ## - PUBLICATION, DISTRIBUTION, ETC. (IMPRINT)
Place of publication Hauppauge
260 ## - PUBLICATION, DISTRIBUTION, ETC. (IMPRINT)
Name of publisher Barron’s
260 ## - PUBLICATION, DISTRIBUTION, ETC. (IMPRINT)
Year of publication 2002
300 ## - PHYSICAL DESCRIPTION
Number of Pages 256 p
650 ## - SUBJECT ADDED ENTRY--TOPICAL TERM
Topical Term Arts --Quotations, maxims, etc.
942 ## - ADDED ENTRY ELEMENTS (KOHA)
Koha item type Books
Holdings
Withdrawn status Lost status Source of classification or shelving scheme Damaged status Not for loan Permanent Location Current Location Date acquired Accession Number Price effective from Koha item type
    Library of Congress Classification     NILE UNIVERSITY OF NIGERIA - MAIN LIBRARY NILE UNIVERSITY OF NIGERIA - MAIN LIBRARY 04/23/2025 0010671 04/23/2025 Books